Standard handbook of biomedical engineering and design
The Standard Handbook of Biomedical Engineering bridges the gap between engineering principles and biological systems. Over 40 experts from universities and medical centers throughout North America and Israel have produced a practical reference for the biomedical professional who is seeking to solve...
保存先:
| フォーマット: | 図書 |
|---|---|
| 言語: | Undetermined |
| 出版事項: |
New York
McGraw-Hill
2003
|
| 主題: | |
| タグ: |
タグ追加
タグなし, このレコードへの初めてのタグを付けませんか!
|
| Thư viện lưu trữ: | Trung tâm Học liệu Trường Đại học Cần Thơ |
|---|
| LEADER | 01285nam a2200205Ia 4500 | ||
|---|---|---|---|
| 001 | CTU_165566 | ||
| 008 | 210402s9999 xx 000 0 und d | ||
| 020 | |c 101.00 | ||
| 082 | |a 610.28 | ||
| 082 | |b S785 | ||
| 245 | 0 | |a Standard handbook of biomedical engineering and design | |
| 245 | 0 | |c Myer Kutz, editor in chief. | |
| 260 | |a New York | ||
| 260 | |b McGraw-Hill | ||
| 260 | |c 2003 | ||
| 520 | |a The Standard Handbook of Biomedical Engineering bridges the gap between engineering principles and biological systems. Over 40 experts from universities and medical centers throughout North America and Israel have produced a practical reference for the biomedical professional who is seeking to solve a wide range of engineering and design problems, whether to enhance a diagnostic or therapeutic technique, reduce the cost of manufacturing a medical instrument or prosthetic device, improve the daily life of a patient with a disability, or increase the effectiveness of a hospital department. | ||
| 650 | |a Biomedical engineering,Medical instruments and apparatus,Kỹ thuật y sinh,Máy móc và dụng cỵu y tế | ||
| 650 | |x Design and construction,Thiết kế và xây dựng | ||
| 904 | |i QHieu | ||
| 980 | |a Trung tâm Học liệu Trường Đại học Cần Thơ | ||